[Event "7th RTU Open 2017"]
[Site "Riga"]
[Date "2017.08.13"]
[Round "9"]
[White "Fridman, Daniel"]
[Black "Hansen, Mads"]
[Result "1-0"]
[WhiteElo "2640"]
[BlackElo "2410"]
[Annotator "TA"]
[PlyCount "91"]
[EventDate "2017.??.??"]
[EventType "swiss"]
[EventCountry "LAT"]
[SourceTitle "playchess.com"]
[Source "ChessBase"]
[SourceQuality "1"]

{[%evp 17,91,-3,-3,-6,-3,-9,0,-3,-6,-16,-8,-32,-26,-34,-30,-30,-22,-32,-29,-40,-10,-47,-9,-14,31,31,4,25,28,31,29,27,48,21,52,47,105,104,123,129,139,122,129,128,138,98,136,100,113,107,122,100,110,118,107,101,187,175,207,205,281,270,390,390,5651,5189,5297,5015,5302,5181,5081,2646,4134,1576,6444,6094]} 1. Nf3 c5 2. b3 Nf6 3. Bb2 g6 4. g3 Bg7 5. Bg2 d5 6. O-O O-O 7. e3 {A05: Réti Opening: 1 Nf3 Nf6} (7. c4 d4 8. e3 Nc6 9. exd4 cxd4 10. d3 Nd7 11. Re1 a5 12. Nbd2 Nc5 13. Ne4 Nxe4 14. Rxe4 Bf5 15. Re1 Qd7 16. Ba3 Rfe8 {1-0 (70) Caruana,F (2804)-Anand,V (2770) Leuven 2016}) 7... Nc6 8. Ne5 Nxe5 9. Bxe5 Bg4 {LiveBook: 4 Games} 10. f3 Be6 11. Nc3 {[%cal Bb1c3,Bc3e2,Be2f4][%mdl 32]} Rc8 $146 ({Predecessor:} 11... Qd7 12. d4 b6 13. Ne2 Rac8 14. Rc1 c4 {1-0 (42) Wockenfuss,K (2320)-Baeuml,U (2110) Bad Wiessee 1998}) 12. Ne2 Qd7 13. Nf4 Rfd8 14. Qc1 Nh5 15. Nxe6 Qxe6 16. Bxg7 Nxg7 17. f4 b5 18. Qb2 c4 19. Rae1 a5 (19... h5 {feels hotter.} 20. Qd4 h4 21. gxh4 Nf5 22. Qe5 Qxe5 23. fxe5 Nxh4 24. c3 Nxg2 25. Kxg2 Kg7) 20. bxc4 dxc4 21. Qxb5 Rxd2 22. Rf2 Rxf2 23. Kxf2 Qf5 24. Qxf5 Nxf5 $11 {[%mdl 4096] Endgame KRB-KRN} 25. Bf1 Rc5 26. a4 Nd6 ({Better is} 26... f6 $14) 27. e4 $16 {[%cal Be3e4,Be4e5][%mdl 32]} e5 28. Ke3 Kf8 29. fxe5 $1 Rxe5 30. Kd4 Re7 31. g4 Rd7 32. e5 Nb7+ 33. Kxc4 Rc7+ {[#]} 34. Kb5 $1 {[%cal Rb5b6] Kb6 is the strong threat.} Rxc2 35. Kb6 Nc5 {[#]} 36. Bb5 $1 g5 (36... Ke7 $16 {was called for.}) 37. Re3 $18 Ke7 38. h3 ({Much less strong is} 38. Kxa5 Rxh2 39. Rc3 Ne6 $16) 38... Nd7+ 39. Kxa5 Rc5 (39... Ra2 {keeps fighting.} 40. Bc4 Rc2) 40. Kb4 Rxe5 $2 (40... Rc1 41. a5 Rb1+ 42. Rb3 Ra1) 41. Rxe5+ {White is clearly winning.} Nxe5 {KB-KN} 42. Kc5 ({Not} 42. a5 Kd6 $16) 42... Kd8 43. Kb6 Ng6 44. a5 {[%cal Ba4a5,Ba5a6][%mdl 32]} Ne7 45. Kb7 f5 46. a6 {Precision: White = 83%, Black = 40%.} 1-0

[Event "7th RTU Open 2017"]
[Site "Riga"]
[Date "2017.08.13"]
[Round "9"]
[White "Bogner, Sebastian"]
[Black "Wan, Yunguo"]
[Result "1-0"]
[WhiteElo "2600"]
[BlackElo "2482"]
[Annotator "TA"]
[PlyCount "141"]
[EventDate "2017.??.??"]
[EventType "swiss"]
[EventCountry "LAT"]
[SourceTitle "playchess.com"]
[Source "ChessBase"]
[SourceQuality "1"]

{[%evp 35,141,61,74,-45,7,-109,-91,-100,-95,-76,-12,0,0,0,0,0,21,0,16,25,47,0,10,-4,-2,-22,-30,-22,-22,-25,-22,-27,-17,-25,-25,-31,0,0,0,0,0,0,0,0,0,0,0,0,0,0,0,0,0,0,0,0,0,0,0,0,0,0,0,0,0,0,0,0,0,0,0,0,0,0,0,0,0,0,0,0,12834,12835,12837,12838,12838,12839,12839,12839,12840,12840,12841,12841,12844,12844,12845,12846,12846,12847,12847,12847,12848,12847,12848,12847,12848,12848,12850,12849]} 1. e4 c5 2. Nf3 Nc6 3. d4 cxd4 4. Nxd4 Nf6 5. Nc3 e5 6. Ndb5 d6 7. Bg5 a6 8. Na3 b5 9. Bxf6 gxf6 10. Nd5 Bg7 11. Bd3 Ne7 12. Nxe7 Qxe7 13. O-O O-O 14. c4 f5 15. Qh5 Rb8 16. exf5 e4 17. Rae1 Bb7 18. Qg4 Rfe8 {[#] LiveBook: 47 Games. B33: Sicilian: Pelikan and Sveshnikov Variations} 19. b3 $146 (19. cxb5 $16 axb5 20. Bxb5) ({Predecessor:} 19. cxb5 d5 20. bxa6 Bc6 21. b3 Kh8 22. Nc2 Bc3 23. Qh3 Qf6 24. Be2 d4 25. Bc4 Rg8 26. g3 Rbe8 27. Rd1 e3 28. fxe3 dxe3 29. Be2 Re4 30. Qg2 Re7 31. Qh3 Re4 32. Qg2 Re7 33. Qh3 {½-½ (33) Shirov,A (2723)-Carlsen,M (2810) Wijk aan Zee 2010}) 19... Kh8 (19... bxc4 $15 20. Nxc4 d5) 20. Nb1 {[#]} (20. cxb5 $11 axb5 21. Nxb5 (21. Bxb5 Rg8 $11)) 20... bxc4 $1 $17 {Black is better.} 21. bxc4 {[#]} Be5 $1 22. f6 Qxf6 ({Black should try} 22... Bxf6 $17 {Hoping for ...Rg8.} 23. Nd2 Rg8) 23. Bxe4 $11 Rg8 24. Qe2 Bxe4 25. Qxe4 Rb2 26. Re2 Rxe2 27. Qxe2 Rb8 28. Qd3 Rb2 29. a3 Qg6 30. Qxg6 hxg6 {[%mdl 4096] Endgame KRB-KRN} 31. Rd1 Bd4 32. Nd2 f5 33. g4 Bc5 34. gxf5 gxf5 35. a4 Ra2 36. a5 Kg7 37. Nb3 Bxf2+ 38. Kf1 Be3 39. Rxd6 f4 40. c5 Kf7 41. h4 ({Wrong is} 41. Rxa6 $2 Rb2 $19) 41... Rc2 42. c6 ({Much worse is} 42. Rxa6 Rb2 $17) 42... Ke7 43. Rd7+ Ke6 44. Nd4+ Bxd4 $1 45. Rxd4 {KR-KR} Ke5 46. Rb4 Kf5 47. h5 {White wants to play h6.} (47. Rb6 $5 {[%cal Rb6a6]}) 47... Kg4 48. h6 Rxc6 49. Rb6 Rc1+ 50. Ke2 f3+ 51. Kf2 Rc2+ 52. Ke3 Rc3+ 53. Kf2 {Strongly threatening Rb4+.} Rc2+ 54. Ke3 Rc3+ 55. Kd2 (55. Ke4 $5 {[%cal Rh6h7]} f2 56. Rg6+ Kh3 57. h7 (57. Rf6 Kg2 $11) 57... Rc4+ 58. Ke3 $11) 55... Rc5 56. Rg6+ Kf4 $1 57. Rxa6 {h7 is the strong threat.} Rd5+ $2 {[%mdl 8192]} (57... f2 $11 58. Ke2 Rc2+ 59. Kf1 Kf3 60. Rf6+ Kg3) 58. Ke1 $18 {White is clearly winning.} Rh5 59. Rf6+ Ke5 60. Rb6 {White threatens Rb5+ and mate.} Kf4 61. a6 {[%cal Ba5a6,Ba6a7][%mdl 32]} Rh1+ 62. Kf2 Rh2+ 63. Kg1 Rc2 64. a7 Rc1+ 65. Kh2 Rc2+ 66. Kh3 Ra2 67. h7 Ra1 68. Rf6+ Ke3 69. Kg4 Rg1+ 70. Kh5 Ra1 71. Kg6 {Precision: White = 58%, Black = 66%.} 1-0

[Event "7th RTU Open 2017"]
[Site "Riga"]
[Date "2017.08.13"]
[Round "9"]
[White "Kryakvin, Dmitry"]
[Black "Vishnu Prasanna  V"]
[Result "1/2-1/2"]
[WhiteElo "2583"]
[BlackElo "2538"]
[Annotator "TA"]
[PlyCount "72"]
[EventDate "2017.??.??"]
[EventType "swiss"]
[EventCountry "LAT"]
[SourceTitle "playchess.com"]
[Source "ChessBase"]
[SourceQuality "1"]

{[%evp 12,72,-12,-11,-6,-8,-10,-19,14,6,9,-18,-4,-7,0,0,0,0,29,31,11,20,11,0,19,-3,2,0,0,0,0,0,21,14,30,20,18,-16,17,0,0,0,0,-97,-104,-81,-91,-97,0,0,0,0,0,0,0,0,0,0,0,0,0,0,0]} 1. d4 Nf6 2. Bg5 g6 3. Bxf6 exf6 4. e3 d5 5. g3 (5. c4 dxc4 6. Bxc4 Bd6 7. Nc3 Nd7 8. Bb3 Nb6 9. Nf3 Qe7 10. O-O O-O 11. h3 Be6 12. e4 Rad8 13. Qc1 Rfe8 14. Re1 {0-1 (50) Rapport,R (2717)-Yu,Y (2729) Danzhou 2016}) 5... Bd6 6. Bg2 {D00: 1 d4 d5: Unusual lines} c6 7. Nd2 {LiveBook: 4 Games} Be6 8. Ne2 Nd7 9. O-O $146 ({Predecessor:} 9. b3 f5 10. c4 Nf6 11. Qc2 Kf8 12. O-O h5 {1-0 (62) Berend,F (2344)-Rosenbeiger,A (2160) Andorra 2009}) 9... f5 10. Nf4 O-O 11. Nd3 Qe7 12. Rc1 Rac8 13. c4 dxc4 14. Nxc4 Bb8 15. Na5 Rc7 16. a3 Nf6 17. b4 Ne4 18. Nf4 (18. f3 $5 {[%cal Rf3e4]} Nd6 19. Nf4 $11) 18... Bc8 19. Rc2 h5 20. h4 Rd7 21. Qf3 Bc7 22. Nb3 Qd8 23. Rd1 (23. Nc5 $5 {[%cal Rc5d7]}) 23... Re8 24. Bf1 Rde7 25. Bc4 Bxf4 26. Qxf4 Nd6 27. Nc5 (27. Nd2 $11 {remains equal.}) 27... Nxc4 $17 28. Rxc4 {[#]} b6 $1 {[%cal Rb6c5]} 29. Nd3 Re4 ({Black should play} 29... Bb7 $17 30. Rcc1 {[#]} c5 $1 {[%mdl 512]}) 30. Qh6 $36 {[%mdl 2048] The position is equal. White is more active.} Qd5 31. Rdc1 {Black must now prevent Nf4.} Ba6 32. Rxc6 {Threatens to win with Nf4.} Bxd3 {[#]} 33. Rxg6+ $1 {[%mdl 512]} fxg6 34. Qxg6+ Kf8 35. Rc7 $1 {[%csl Gc7][%cal Rg6g7]} R4e7 36. Qh6+ $1 Kg8 {Precision: White = 49%, Black = 46%.} 1/2-1/2

[Event "7th RTU Open 2017"]
[Site "Riga"]
[Date "2017.08.13"]
[Round "9"]
[White "Stocek, Jiri"]
[Black "Zeng, Chongsheng"]
[Result "0-1"]
[WhiteElo "2583"]
[BlackElo "2537"]
[Annotator "TA"]
[PlyCount "52"]
[EventDate "2017.??.??"]
[EventType "swiss"]
[EventCountry "LAT"]
[SourceTitle "playchess.com"]
[Source "ChessBase"]
[SourceQuality "1"]

{[%evp 14,52,51,-14,5,9,14,5,34,0,0,0,0,18,4,12,20,5,19,10,17,-75,-73,-74,-54,-64,-55,-43,-55,-47,0,-36,-23,-64,-10,-37,-45,-442,-443,-421,-421]} 1. c4 Nf6 2. Nc3 g6 3. d4 Bg7 4. e4 d6 5. h3 O-O 6. Be3 e5 7. d5 a5 8. c5 {LiveBook: 12 Games. E71: King's Indian: 4 e4 d6 5 h3} (8. Qd2 $14) 8... dxc5 $146 ({Predecessor:} 8... Na6 9. cxd6 Qxd6 10. Nf3 c6 11. dxc6 Qe7 12. Bc4 bxc6 13. O-O Nc5 14. Qc2 Nfd7 15. Na4 Ne6 {1-0 (29) Karpov,A (2674)-Miroshnichenko,E (2628) Sochi 2005}) 9. Bxc5 Re8 10. Nf3 {The position is equal.} Bh6 11. Bb5 Bd7 {Strongly threatening ...Bxb5.} 12. a4 Na6 13. Bxa6 Rxa6 14. O-O Nh5 15. Re1 Nf4 16. Ne2 g5 17. Ng3 (17. Nxf4 $11 gxf4 18. Qb3) 17... g4 $17 18. hxg4 Bxg4 {...Rf6 is the strong threat.} 19. Qb3 Rg6 $1 {[%cal Ba6g6,Bg6g4,Bg4g6][%mdl 32]} 20. Nh2 Qh4 21. Nxg4 Rxg4 22. Rad1 ({Don't blunder} 22. Qxb7 $2 Rxg3 23. fxg3 Qxg3 $19) 22... b6 23. Ba3 Bf8 $40 {[%mdl 128] White needs to defend precisely.} (23... Kh8 $15 24. Rc1 Reg8 25. Rxc7 Rxg3 26. fxg3 Rxg3 27. Rc8+ Kg7 28. Bf8+ Kg6 29. Qxb6+ f6) 24. Bxf8 $11 Rxf8 25. Rc1 $2 {[%mdl 8192] [#]} (25. Qf3 $1 $15 Rg6 26. Nf5 Nxg2 27. Nxh4 Nxh4+ 28. Qg3 Rxg3+ 29. fxg3 Nf3+ 30. Kg2 Nxe1+ 31. Rxe1) 25... Rg6 $1 $19 {[%cal Rg6h6] Hoping for ...Rh6.} 26. Rc6 {[#]} ({Avoid the trap} 26. Rxc7 $2 Rh6) 26... f6 $1 {Precision: White = 37%, Black = 63%.} 0-1

[Event "7th RTU Open 2017"]
[Site "Riga"]
[Date "2017.08.13"]
[Round "9"]
[White "Kulaots, Kaido"]
[Black "Mu, Ke"]
[Result "1/2-1/2"]
[WhiteElo "2577"]
[BlackElo "2411"]
[Annotator "TA"]
[PlyCount "34"]
[EventDate "2017.??.??"]
[EventType "swiss"]
[EventCountry "LAT"]
[SourceTitle "playchess.com"]
[Source "ChessBase"]
[SourceQuality "1"]

{[%evp 27,34,25,17,0,0,0,-5,-16,-8]} 1. e4 e6 2. d4 d5 3. Nd2 Nf6 4. e5 Nfd7 5. Bd3 c5 6. c3 Nc6 7. Ne2 cxd4 8. cxd4 f6 9. exf6 Qxf6 10. Nf3 h6 11. O-O Bd6 12. Nc3 O-O 13. a3 {C06: French Tarrasch: 3...Nf6 4 e5 Nfd7 5 Bd3 main lines} Rd8 14. Be3 Nf8 {LiveBook: 7 Games} 15. Bc2 {The position is equal.} (15. Rc1 Bd7 16. h3 Kh8 17. Bb1 Be8 18. Nh2 Bxh2+ 19. Kxh2 e5 20. Ne2 Bh5 21. Qd2 Bxe2 22. Qxe2 exd4 {0-1 (60) Fedorov,A (2565)-Iljiushenok,I (2499) Kazan 2016}) 15... Bd7 16. g3 $146 ({Find the theoretical novelty and annotate with similar games:} 16. Qd2 Be8 17. Ne1 Bg6 18. f4 Rac8 19. Rc1 Bc7 20. b4 Bxc2 21. Rxc2 {½-½ (46) Seyfried,C (2185)-Jussupow,N (2156) Saarbruecken 2013}) 16... Be8 17. Nh4 Ng6 1/2-1/2

[Event "7th RTU Open 2017"]
[Site "Riga"]
[Date "2017.08.13"]
[Round "9"]
[White "Alekseenko, Kirill"]
[Black "Shoker, Samy"]
[Result "1-0"]
[WhiteElo "2575"]
[BlackElo "2472"]
[Annotator "TA"]
[PlyCount "229"]
[EventDate "2017.??.??"]
[EventType "swiss"]
[EventCountry "LAT"]
[SourceTitle "playchess.com"]
[Source "ChessBase"]
[SourceQuality "1"]

{[%evp 11,229,54,42,27,32,41,39,36,71,75,89,51,70,46,46,23,63,62,49,9,53,29,51,29,74,72,137,110,141,131,224,232,191,116,121,115,129,131,541,537,516,229,227,209,211,217,377,292,297,297,297,293,284,279,304,241,224,181,180,160,217,207,205,197,195,195,195,187,180,160,199,197,172,120,219,222,226,176,224,223,194,206,176,194,181,173,213,172,198,200,343,343,406,400,382,281,213,127,311,301,352,352,410,400,398,252,411,411,383,352,352,343,234,0,339,322,866,862,859,866,859,844,829,829,915,797,820,484,772,352,352,352,352,352,352,352,352,352,352,8,352,352,352,350,255,0,149,0,0,-8,0,0,0,0,0,0,0,0,0,0,8,8,484,484,484,484,484,484,484,484,484,484,484,484,484,484,409,0,484,484,484,484,484,484,484,484,12850,12849,6556,484,484,484,484,484,29960,29956,29952,29947,29958,29960,29959,29960,29966,29960,29963,29959,29975,5412,29981,29982,29982,29983,29983,29984,29984,29985,29985,29986,29988,29989]} 1. e4 g6 2. d4 Bg7 3. Nc3 d6 4. f4 a6 5. Nf3 b5 6. Bd3 Nd7 7. a4 {B06: Modern Defence} (7. e5 c5 8. Be4 Rb8 9. Be3 cxd4 10. Bxd4 dxe5 11. fxe5 e6 12. O-O Ne7 13. Qe1 O-O 14. a4 b4 15. Ne2 {0-1 (49) Anand,V (2793)-Caruana,F (2829) London 2014}) 7... b4 8. Ne2 c5 9. c3 {White is slightly better.} bxc3 10. bxc3 Rb8 $146 ({Predecessor:} 10... Bb7 11. O-O Qc7 12. Rb1 Rb8 13. d5 c4 14. Bc2 Ngf6 {1-0 (34) Corrales Jimenez,F (2586)-Almeida Quintana,O (2555) Havana 2011}) 11. a5 Ngf6 12. O-O O-O 13. Kh1 Qc7 14. e5 Nd5 {[%cal Bf6d5,Bd5e7,Be7f5][%mdl 32]} 15. Bd2 e6 (15... c4 $5 {[%cal Rc4d3]} 16. Bb1 Rb2 $11) 16. Ng3 Ne7 17. Ne4 $36 {[%mdl 2048] White has good play.} Nf5 18. Qe2 Rb2 (18... Bb7 $142) 19. Bxa6 $16 cxd4 20. cxd4 d5 (20... Qa7 $16 21. Bd3 Bb7) 21. Rfc1 $18 Qb8 22. Neg5 ({White should try} 22. Nc3 $1 $18) 22... h6 $16 {Threatens to win with ...Bxa6.} 23. Rxc8 Rxc8 24. Bxc8 hxg5 $2 {[%mdl 8192]} (24... Qxc8 $16 {is a better chance.} 25. Nh3 Qc2) 25. Bxd7 $18 g4 26. Ne1 (26. Ng5 $142) 26... Nxd4 27. Qe3 ({Not} 27. Qxg4 Rxd2 28. Rc1 Bf8 $11) 27... Nb3 28. Rd1 Qc7 $2 (28... Nxd2 {was necessary.} 29. Rxd2 Rb1) 29. Bc3 Ra2 30. Bb5 Nxa5 31. Ra1 Rxa1 32. Bxa1 Qb7 33. Qd3 Bh6 34. Ba6 Qa8 35. Qb5 Nc4 (35... Nb3 $16) 36. Qb7 Qxb7 37. Bxb7 Bxf4 38. Nd3 Be3 39. Bc3 Kg7 40. Bc6 g5 41. g3 Kg6 42. Kg2 (42. Nb2 $18 Bd2 43. Bxd2 Nxd2 44. Be8) 42... Kf5 (42... Ba7 $16 43. Kf1 Ne3+ 44. Ke1 Bd4) 43. Be8 Ke4 44. Nf2+ Bxf2 45. Kxf2 d4 46. Bb4 Nxe5 {White must now prevent ...Nd3+.} 47. Be7 Kf5 48. Bb5 f6 49. Be2 Nc6 50. Bc5 $1 e5 (50... Ke4 {was called for.} 51. Bxg4 Ne5) 51. Bb5 Nd8 52. Bd7+ Kg6 53. Bb6 Nf7 54. Bxg4 (54. Ke2 $1 $18) 54... Nd6 $2 (54... f5 $16 55. Bd1 Nd6) 55. Be6 f5 56. Bd5 Nb5 57. Bc6 Nc3 58. Ba5 Nd1+ $2 (58... Kf7 59. Bd8 Kg6) 59. Ke2 Ne3 60. Be8+ Kh6 61. Bd7 Kg6 62. Be8+ (62. h3 $142) 62... Kh6 $1 63. Bc7 Ng4 $2 (63... e4 64. Bb6 Ng4 65. Bxd4 Nxh2) 64. h3 Nf6 65. Bc6 e4 66. Be5 d3+ 67. Ke3 Kg6 68. Bc3 Kf7 69. Bb7 Kg6 {[#]} (69... Nh5 $142 70. g4 Ng3 71. Bd5+ Kg6) 70. Be5 (70. g4 $142 $1 f4+ (70... fxg4 71. Bxf6) 71. Kd4) 70... Nd7 71. Bd4 Nf6 72. Bc8 f4+ 73. gxf4 gxf4+ 74. Kd2 Kg5 75. Bc5 $2 (75. Bb7 $18) 75... Nh5 $2 {[%mdl 8192]} (75... f3 $1 $11) 76. Be7+ Kg6 {[#]} 77. Bd6 $1 Kg5 78. Be7+ (78. Bd7 $18) 78... Kg6 $16 {[#]} 79. Bg4 (79. Bh4 $1 $16) 79... Ng3 $11 80. Bd6 Kg5 81. Bc7 Nf5 82. Bd8+ Kg6 83. h4 {Strongly threatening h5+.} Ne3 84. Be6 Nf1+ 85. Ke1 Ng3 86. Bg5 Kh5 $2 {[%mdl 8192]} (86... f3 $1 $11) 87. Bxf4 $18 Kxh4 88. Kf2 Nh5 89. Be5 Kg5 90. Ke3 Nf6 91. Bf4+ Kg6 92. Kd4 Nh5 93. Be5 Nf6 94. Ke3 $2 (94. Bg3 $18 {And now Be1 would win.} d2 95. Bb3) 94... Nh7 $2 {[%mdl 8192]} (94... Kg5 $1 $11 {and Black has nothing to worry.}) 95. Bc3 Ng5 96. Bg4 Kh6 97. Kf4 Nf7 98. Kxe4 d2 (98... Nd6+ $142 99. Kxd3 Kg5) 99. Bxd2+ Kg6 100. Bc3 (100. Kd5 $142 Kg7 101. Ke6 Nd8+ 102. Ke7 Nc6+ 103. Kd6) 100... Nd6+ 101. Ke5 Nf7+ 102. Kf4 Nd8 (102... Nd6 $18 103. Be6 Nb7 104. Bf5+ Kf7) 103. Be1 Nc6 104. Bd7 Ne7 105. Ke5 Kf7 106. Be6+ Kg7 107. Bf2 Nc6+ 108. Kf5 Nd8 109. Bd5 (109. Bb3 $142 Nb7 110. Bd4+ Kh6 111. Ke6 Na5 112. Bd5 Kg5 113. Bb6 Kf4 114. Bxa5) 109... Nf7 110. Bd4+ {White mates.} Kf8 111. Kf6 Nd8 112. Bc4 Nc6 113. Be3 Ke8 114. Bb5 Kd7 115. Bf4 {Precision: White = 71%, Black = 37%.} 1-0

[Event "7th RTU Open 2017"]
[Site "Riga"]
[Date "2017.08.13"]
[Round "9"]
[White "Vorobiov, Evgeny E"]
[Black "Zakhartsov, Vladimir"]
[Result "1/2-1/2"]
[WhiteElo "2569"]
[BlackElo "2430"]
[Annotator "TA"]
[PlyCount "107"]
[EventDate "2017.??.??"]
[EventType "swiss"]
[EventCountry "LAT"]
[SourceTitle "playchess.com"]
[Source "ChessBase"]
[SourceQuality "1"]

{[%evp 23,107,11,8,0,7,11,13,3,15,9,11,0,4,3,4,0,30,29,36,35,39,33,33,22,29,0,0,0,0,0,0,0,22,22,22,22,22,11,11,13,22,22,22,22,22,22,49,49,49,49,49,49,49,22,22,0,0,0,0,0,0,0,0,0,0,0,0,0,0,0,0,0,0,0,0,0,0,0,0,0,0,0,0,0,0,0]} 1. d4 Nf6 2. c4 e6 3. g3 d5 4. Nf3 Be7 5. Bg2 O-O 6. O-O dxc4 7. Qc2 a6 8. a4 Bd7 9. Qxc4 Bc6 10. Bf4 a5 11. Nc3 Na6 12. Rfd1 {E05: Open Catalan: 5 Nf3 Be7} (12. Rac1 Nb4 13. Ne5 Bxg2 14. Kxg2 c6 15. e4 Nd7 16. Nf3 Qb6 17. Rfd1 Rfd8 18. h4 h6 19. Qe2 Nf6 20. Rd2 {½-½ (88) Meier,G (2630)-Karjakin,S (2783) chess.com INT 2017}) 12... Nb4 {LiveBook: 14 Games} 13. Ne5 {[%cal Re5c6]} Bxg2 14. Kxg2 Nfd5 15. Bd2 $146 ({Predecessor:} 15. e4 Nxf4+ 16. gxf4 Bd6 17. Ne2 Ra6 18. Qb3 Qe8 19. Qf3 f5 20. exf5 {½-½ (84) Cobb,J (2412)-Wells,P (2520) Sunningdale 2008}) 15... f6 16. Nf3 {Black should prevent e4.} f5 17. Bf4 (17. Rac1 {feels hotter.} Qe8 18. Nxd5 Nxd5 19. Qb5 Qxb5 20. axb5 a4 21. Rc2) 17... Nxf4+ 18. gxf4 Nd5 19. Nxd5 Qxd5 (19... exd5 {is interesting.} 20. Qb3 Rf6 21. Ne5 Rh6 22. Rd3 Raa6) 20. Qxd5 exd5 21. Rac1 c6 22. h4 {[%cal Bh2h4,Bh4h5][%mdl 32]} Ra6 23. b3 Rb6 24. Rc3 Rb4 25. h5 Rf6 26. e3 Rh6 27. Rh1 g6 28. hxg6 Rxh1 $1 29. Kxh1 hxg6 $11 {[%mdl 4096] Endgame KRB-KRN} 30. Kg2 Kg7 31. Kf1 Rb6 32. Ke2 Ra6 33. Rc1 Ra8 34. Rg1 Rg8 35. Ne5 Kf6 36. Rh1 Kg7 37. Kd3 Bd6 38. Nf3 Rh8 {The position is equal.} 39. Rxh8 (39. Rg1 {with more complications.} Rh6 40. Ne5 Kf6 41. Rb1 Rh2 42. Ke2) 39... Kxh8 {KB-KN} 40. Ng5 (40. Ne5 $5 {[%cal Re5f7]} Kg7 41. Nd7 $11) 40... Be7 41. Ne6 b6 42. f3 Kg8 43. e4 dxe4+ 44. fxe4 Kf7 45. d5 fxe4+ 46. Kxe4 {[#] And now Ng5+ would win.} cxd5+ 47. Kxd5 Kf6 {aiming for ...Kf5.} 48. Nd4 Bc5 49. Nf3 Be7 {White must now prevent ...Kf5.} (49... Kf5 $5 {[%cal Rf5f4]} 50. Nh4+ Kf6 $11) 50. Ke4 Bd6 51. Nd2 Ke6 52. Nc4 Bc7 53. Na3 Bd6 54. Nc4 {Precision: White = 73%, Black = 89%.} 1/2-1/2

[Event "7th RTU Open 2017"]
[Site "Riga"]
[Date "2017.08.13"]
[Round "9"]
[White "Ghosh, Diptayan"]
[Black "Rakesh Kumar Jena"]
[Result "1/2-1/2"]
[WhiteElo "2562"]
[BlackElo "2394"]
[Annotator "TA"]
[PlyCount "98"]
[EventDate "2017.??.??"]
[EventType "swiss"]
[EventCountry "LAT"]
[SourceTitle "playchess.com"]
[Source "ChessBase"]
[SourceQuality "1"]

{[%evp 19,98,28,50,54,39,14,45,25,31,30,27,26,19,22,72,72,72,72,67,77,77,74,90,68,74,78,64,78,64,64,64,64,64,64,141,141,141,141,141,0,0,-65,-58,-60,-67,-58,0,0,0,0,0,0,0,0,0,0,0,0,0,0,0,0,0,0,13,0,0,0,0,0,0,0,0,0,0,0,0,0,0,0,0]} 1. d4 d5 2. c4 c6 3. e3 Nf6 4. Nc3 a6 5. Nf3 b5 6. b3 g6 {D15: Slav Defence: 4 Nc3 a6 and gambit lines after 4 Nc3 dxc4} (6... Bg4 7. a4 bxc4 8. bxc4 Nbd7 9. a5 e5 10. Be2 Bxf3 11. Bxf3 Bb4 12. Bd2 O-O 13. O-O dxc4 14. Qe2 exd4 15. exd4 Bxa5 16. Qxc4 {1-0 (44) Ding,L (2759)-Svidler,P (2741) Shenzhen 2017}) 7. Bd3 Bg7 8. O-O O-O 9. Bb2 Bb7 10. Qe2 Nbd7 {LiveBook: 6 Games} 11. Rfd1 Re8 12. h3 Qb8 13. c5 $146 ({Predecessor:} 13. Rac1 Nh5 14. Qd2 {1-0 (52) Mareco,S (2470)-Bitelmajer,M (2322) Buenos Aires 2008}) 13... e5 14. dxe5 Nxe5 15. Nxe5 Rxe5 16. Qc2 Bc8 17. Ne2 Re8 18. Bd4 Nd7 19. Bxg7 Kxg7 20. Nd4 Ne5 21. Be2 {And now f4 would win.} Qc7 22. Qc3 Kg8 23. a4 {[%cal Ra4b5]} Bb7 24. Ra2 Qe7 25. Rda1 Rac8 26. axb5 cxb5 ({Black should play} 26... axb5 $14 27. Ra7 Rc7) 27. Rc1 Rc7 28. Rac2 Rec8 29. Bf3 (29. b4 $16) 29... b4 $11 30. Qd2 ({White should try} 30. Qxb4 $11 Nd3 31. Qd2 Nxc1 32. b4) 30... Rxc5 $15 31. Be2 a5 32. Bb5 Qd6 (32... Nd7 $15) 33. Rxc5 $1 $11 {The position is equal.} Rxc5 34. Rxc5 Qxc5 35. Qa2 $1 Nc6 36. Bxc6 Bxc6 37. Nxc6 {[#] Strongly threatening Qa4.} Qc1+ 38. Kh2 Qxc6 39. Qxa5 {[%mdl 4096] Endgame KQ-KQ} Qd6+ 40. Kg1 h5 41. Qa1 Qc5 42. Kf1 d4 43. exd4 Qc2 44. Qa8+ Kg7 {[%cal Rc2d1] [#]} 45. Qf3 Qc1+ 46. Ke2 Qb2+ 47. Kd1 Qb1+ 48. Kd2 Qb2+ 49. Kd1 Qb1+ {Precision: White = 71%, Black = 77%.} 1/2-1/2

[Event "7th RTU Open 2017"]
[Site "Riga"]
[Date "2017.08.13"]
[Round "9"]
[White "Sarana, Alexey"]
[Black "Sulskis, Sarunas"]
[Result "1-0"]
[WhiteElo "2540"]
[BlackElo "2519"]
[Annotator "TA"]
[PlyCount "69"]
[EventDate "2017.??.??"]
[EventType "swiss"]
[EventCountry "LAT"]
[SourceTitle "playchess.com"]
[Source "ChessBase"]
[SourceQuality "1"]

{[%evp 22,69,12,20,49,47,80,37,54,40,114,114,114,122,124,109,108,108,106,101,136,133,140,137,391,410,410,410,372,399,425,447,438,441,443,433,383,411,377,375,359,363,367,336,479,479,461,432,29994,29995]} 1. d4 d5 2. c4 e6 3. Nf3 Nf6 4. Nc3 c6 5. Bg5 h6 6. Bxf6 Qxf6 7. e3 g6 8. Be2 {D43: Semi-Slav: 5 Bg5 h6} Bg7 9. O-O (9. e4 O-O 10. e5 Qd8 11. O-O dxc4 12. Bxc4 c5 13. dxc5 Nd7 14. Qe2 Nxc5 15. Rfd1 Qe7 {½-½ (37) Inarkiev,E (2707)-Gelfand,B (2728) Geneve 2017}) 9... O-O 10. e4 dxe4 11. Nxe4 Qf4 12. Qc2 {LiveBook: 3 Games} Nd7 13. c5 {[#]} Rb8 $146 ({Find the theoretical novelty and annotate with similar games:} 13... b6 14. cxb6 Nxb6 15. Rfd1 Bd7 {½-½ (29) Swapnil,S (2438)-Adhiban,B (2567) Kolkata 2012}) 14. Rad1 b6 15. b4 Nf6 {[#]} (15... a5 $14) 16. Nd6 $1 $16 Nd5 17. a3 Bd7 18. g3 Qf6 19. Ne5 Qd8 20. h4 {[%cal Bh2h4,Bh4h5][%mdl 32]} Ne7 21. h5 $36 {[%mdl 2048] Black is under strong pressure.} g5 22. Bc4 Nc8 $2 {[%mdl 8192]} (22... Nd5 $16) 23. Ndxf7 $18 Rxf7 24. Nxf7 Kxf7 25. Qg6+ Kg8 26. Bxe6+ Kh8 27. Bxd7 Qxd7 28. Rfe1 {[%cal Bf1e1,Be1e6,Be6f6][%mdl 32]} Ne7 29. Qf7 Bf8 30. Re6 Qe8 31. Qf3 Kg8 32. Rde1 Qf7 (32... Qd7 {was called for.} 33. Qf6 Nd5 34. Qg6+ Qg7 35. Rxc6 Qxg6 36. Rxg6+ Kf7) 33. Rf6 Qd5 34. Qd3 {[#] aiming for Rxe7!} Bg7 (34... Qd7 $18 35. b5 cxb5) 35. Rxe7 {Precision: White = 92%, Black = 37%.} 1-0